LEADER 01153cam2 2200277 450 001 E600200064451 005 20220705100742.0 010 $a079233731X 100 $a20100608d1996 |||||ita|0103 ba 101 $ager 102 $aNL 200 1 $a<<30: >>Logik und allgemeine Wissenschaftstheorie. Vorlesungen 1917-1918 mit ergänzenden Texten aus der ersten Fassung von 1910-1911$fEdmund Husserl$ghrsg. von Ursula Panzer 210 $aDordrecht$aBoston$aLondon$cKluwer$d1996 215 $aLXII, 555 p.$d24 cm 461 1$1001E600200064519$12000 $aGesammelte Werke 700 1$aHusserl$b, Edmund$3AF00004903$4070$035554 702 1$aPanzer, Ursula$3A600200061452$4070 801 0$aIT$bUNISOB$c20220705$gRICA 850 $aUNISOB 852 $aUNISOB$j100|Coll|56|K$m88350 912 $aE600200064451 940 $aM 102 Monografia moderna SBN 941 $aM 957 $a100|Coll|56|K$b000022$gSi$d88350$racquisto$1beth$2UNISOB$3UNISOB$420100608101536.0$520220705100712.0$6Alfano 996 $aLogik und allgemeine Wissenschaftstheorie. Vorlesungen 1917-1918 mit ergänzenden Texten aus der ersten Fassung von 1910-1911$91702446 997 $aUNISOB LEADER 01052nam0 22002771i 450 001 RML0305078 005 20231121125747.0 010 $a3170181637 100 $a20121121d2003 ||||0itac50 ba 101 | $ager 102 $ade 181 1$6z01$ai $bxxxe 182 1$6z01$an 200 1 $aEinführung in die Staatslehre$edie geschichtlichen Legitimitätsgrundlagen des demokratischen Verfassungsstaates$fMartin Kriele 205 $a6.$büberarb. u. erw. Aufl 210 $aStuttgart $cKohlhammer $d©2003 215 $aX, 333 p.$d24 cm 700 1$aKriele$b, Martin$3RMLV196655$0231183 801 3$aIT$bIT-01$c20121121 850 $aIT-FR0098 899 $aBiblioteca Area Giuridico Economica$bFR0098 912 $aRML0305078 950 0$aBiblioteca Area Giuridico Economica$d 53DSG 15/139$e 53VM 0000750815 VM barcode:BAGE010274. - Inventario:12802. - Fondo:Sala consultazioneVM$fA $h20080530$i20121204 977 $a 53 996 $aEinführung in die staatslehre$9276288 997 $aUNICAS